| 000 | 00718nam a2200229Ii 4500 | ||
|---|---|---|---|
| 003 | JO-AjNU | ||
| 008 | 230605s9999||||xx |||||||||||||| ||und|| | ||
| 017 | _a1994/8683 | ||
| 020 | _a977-225-059-4 | ||
| 040 |
_aJO-AjNU _bara _erda _cJO-AjNU |
||
| 041 | _aara | ||
| 050 | 1 | 4 | _aBP166.4.M3364 1994 |
| 100 | 3 |
_aالمغربي، علي عبد الفتاح, _eauthor _910744 |
|
| 245 | 0 | 0 | _aالنبوة والأنبياء في الفكر الإسلامي |
| 250 | _aط2 | ||
| 264 | 3 | 1 | _aالقاهرة: مكتبة وهبة، 1994 |
| 300 | _a295ص | ||
| 336 |
_atext _btxt _2rdacontent |
||
| 337 |
_aunmediated _bn _2rdamedia |
||
| 338 |
_avolume _bnc _2rdacarrier |
||
| 650 | 4 |
_aالانبياء- النبوات _910745 |
|
| 999 |
_aA1963 _c5531 _d5531 |
||